Sports Quiz

Random Sports or NFL Quiz

Can you name the numbers of NFL players on each team? Quiz Stats

 Plays Quiz not verified by Sporcle

Challenge
Share
Tweet
Embed
Score 0/64 Timer 07:00
0 Plays Today
Number and Team Player Name % Correct
#3 BillsE.J. Manuel
84.1%
#7 JetsGeno Smith
84.1%
#11 ChiefsAlex Smith
81.8%
#52 BrownsD'Qwell Jackson
79.5%
#23 TexansArian Foster
79.5%
#10 TitansJake Locker
79.5%
#9 CowboysTony Romo
79.5%
#80 GiantsVictor Cruz
77.3%
#29 BengalsLeon Hall
75%
#76 TexansDuane Brown
75%
#13 ColtsT.Y. Hilton
75%
#9 Eagles Nick Foles
75%
#23 RedskinsDeAngelo Hall
75%
#2 RavensTyrod Taylor
72.7%
#13 ChargersKeenan Allen
72.7%
#2 FalconsMatt Ryan
72.7%
#94 CowboysDemarcus Ware
72.7%
#28 SteelersCortez Allen
70.5%
#12 PackersAaron Rodgers
70.5%
#58 RavensElvis Dumervil
68.2%
#91 JetsSheldon Richardson
68.2%
#21 Cardinals Patrick Peterson
68.2%
#85 BengalsTyler Eifert
65.9%
#8 BrownsBilly Cundiff
65.9%
#84 Vikings Cordarrelle Patterson
65.9%
#59 PanthersLuke Kuechly
65.9%
#43 SaintsDarren Sproles
65.9%
#24 Buccaneers Darrelle Revis
65.9%
#14 Eagles Riley Cooper
63.6%
#99 SteelersBrett Keisel
61.4%
#5 BroncosMatt Prater
61.4%
#38 Buccaneers Dashon Goldson
61.4%
Number and Team Player Name % Correct
#51 JaguarsPaul Posluszny
59.1%
#68 DolphinsRichie Incognito
59.1%
#11 Broncos Trindon Holliday
59.1%
#16 SaintsLance Moore
59.1%
#46 RedskinsAlfred Morris
59.1%
#22 SeahawksRobert Turbin
56.8%
#11 RamsTavon Austin
56.8%
#26 DolphinsLamar Miller
54.5%
#47 PatriotsMichael Hoomanawanui
54.5%
#26 BearsTim Jennings
54.5%
#88 Packers Jermichael Finley
54.5%
#15 Vikings Greg Jennings
54.5%
#32 Cardinals Tyrann Mathieu
54.5%
#33 ColtsVick Ballard
52.3%
#20 TitansAlterraun Verner
52.3%
#22 CheifsDexter McCluster
52.3%
#32 ChargersEric Weddle
52.3%
#9 BearsRobbie Gould
52.3%
#30 RamsZac Stacy
52.3%
#31 BillsJairus Byrd
50%
#32 PatriotsDevin McCourty
50%
#11 Panthers Brandon Lafell
50%
#39 SeahawksBrandon Browner
50%
#21 JaguarsJustin Forsett
47.7%
#12 RaidersJacoby Ford
47.7%
#9 49ers Phil Dawson
47.7%
#32 49ersKendall Hunter
47.7%
#23 RaidersTracy Porter
45.5%
#22 FalconsAsante Samuel
45.5%
#34 GiantsBrandon Jacobs
45.5%
#26 LionsLoius Delmas
43.2%
#55 LionsStephen Tulloch
43.2%

You're not logged in!

Compare scores with friends on all Sporcle quizzes.
OR
Log In

You Might Also Like...

Show Comments

Extras

Created Jan 30, 2014ReportNominate
Tags:NFL Quiz, NFL Player

Top Quizzes Today


Score Distribution

Your Account Isn't Verified!

In order to create a playlist on Sporcle, you need to verify the email address you used during registration. Go to your Sporcle Settings to finish the process.

Report this User

Report this user for behavior that violates our Community Guidelines.

Details: